Extending permitted development rights in England: the implications for public authorities and communities (Record no. 116188)

MARC details
000 -LEADER
fixed length control field 01878cad a22002535a 4500
001 - CONTROL NUMBER
control field L160071
008 - FIXED-LENGTH DATA ELEMENTS--GENERAL INFORMATION
fixed length control field 100415u20180410xxk g 000 0 eng d
035 ## - SYSTEM CONTROL NUMBER
System control number (Sirsi) u160071
041 0# - LANGUAGE CODE
Language code of text/sound track or separate title eng
050 04 - LIBRARY OF CONGRESS CALL NUMBER
Classification number 711.1 $2 18
110 ## - MAIN ENTRY--CORPORATE NAME
Corporate name or jurisdiction name as entry element Royal Institution of Chartered Surveyors
9 (RLIN) 4900
245 04 - TITLE STATEMENT
Title Extending permitted development rights in England: the implications for public authorities and communities
260 ## - PUBLICATION, DISTRIBUTION, ETC.
Place of publication, distribution, etc. London
Name of publisher, distributor, etc. RICS
Date of publication, distribution, etc. 2018
490 #0 - SERIES STATEMENT
Series statement RICS Research
490 #0 - SERIES STATEMENT
Series statement RICS Insight
520 ## - SUMMARY, ETC.
Summary, etc. Summarises a research which assessed the extent, pattern and financial consequences of permitted development (PD) across England and also looked into office-to-residential PD in England (and, for comparison, in Scotland and the Netherlands). Five local authority (LA) case studies were examined (Camden, Croydon, Leeds, Leicester and Reading ? all local authorities with high rates of PD schemes) to gauge the extent of individual office-to-residential building schemes that have proceeded under PD and the implications on LA revenues, planning and local communities. The full findings of both research projects are published separately by the RICS Research Trust in parallel to this Insights report (see Bibby et al, 2018 and Clifford et al, 2018). The objective of this Insights report is to bring together the key findings from both projects and consider the implications of extending PD in England.
590 ## - LOCAL NOTE (RLIN)
Local note KA NTK
650 24 - SUBJECT ADDED ENTRY--TOPICAL TERM
Topical term or geographic name entry element PERMITTED DEVELOPMENT RIGHTS
650 24 - SUBJECT ADDED ENTRY--TOPICAL TERM
Topical term or geographic name entry element TOWN AND COUNTRY PLANNING (GENERAL PERMITTED DEVELOPMENT) (ENGLAND) ORDER 2015
651 #4 - SUBJECT ADDED ENTRY--GEOGRAPHIC NAME
Geographic name United Kingdom
690 ## - LOCAL SUBJECT ADDED ENTRY--TOPICAL TERM (OCLC, RLIN)
Topical term or geographic name as entry element Planning and development
9 (RLIN) 6259
856 40 - ELECTRONIC LOCATION AND ACCESS
Uniform Resource Identifier <a href="https://www.rics.org/Global/PDR%20Research%20trust%20reports/22822%20RICS%20Extending%20Permitted%20Development%20Rights%20INSIGHT%20PAPER-WEB%20(without%20notice).pdf">https://www.rics.org/Global/PDR%20Research%20trust%20reports/22822%20RICS%20Extending%20Permitted%20Development%20Rights%20INSIGHT%20PAPER-WEB%20(without%20notice).pdf</a>
Public note No longer available
942 ## - ADDED ENTRY ELEMENTS (KOHA)
Suppress in OPAC 0
Source of classification or shelving scheme Dewey Decimal Classification
Holdings
Withdrawn status Lost status Source of classification or shelving scheme Damaged status Not for loan Home library Current library Shelving location Date acquired Total Checkouts Full call number Barcode Date last seen Copy number Price effective from Koha item type
    Dewey Decimal Classification     Virtual Virtual Missing 17/05/2018   ONLINE PUBLICATION 160071-2001 06/08/2019 1 06/08/2019 Online material